| 000 | 00991nam a22001817a 4500 | ||
|---|---|---|---|
| 003 | OSt | ||
| 005 | 20251118162041.0 | ||
| 008 | 251118b |||||||| |||| 00| 0 eng d | ||
| 040 | _cDCL | ||
| 082 | _a၂၉၄.၃၈၂၄၁ | ||
| 130 |
_aတိပိဋက။ _pအဘိဓမ္မာပိဋက။ _tအဋ္ဌသာလိနီ၊ _lအဋ္ဌကထာ၊ _sနိဿယ။ |
||
| 245 |
_aအဋ္ဌသာလိနီ အဋ္ဌကထာနိဿယ၊ _bပထမတွဲ / _cပြည်ဆရာတော်ဘုရားကြီး။ |
||
| 264 |
_aရန်ကုန် ၊ _bဣစ္ဆာသယစာပုံနှိပ်တိုက်၊ _c၁၉၇၃။ |
||
| 300 |
_aစ၊ ၆၀၇ စာမျက်နှာ ၊ _c၂၅ စင်တီ။ |
||
| 650 |
_aအဋ္ဌသာလိနီ _vအဋ္ဌကထာနိဿယ။ |
||
| 700 | _aပြည်ဆရာတော်ဘုရားကြီး။ | ||
| 942 |
_2ddc _cSHORT TERM _n0 |
||
| 999 |
_c2520 _d2520 |
||